Сборник задач по сбору и подготовке нефти, газа и воды на промыслах: учебное пособие для вузов

Dettagli Bibliografici
Autore principale: Лутошкин Г. С. Георгий Сергеевич
Altri autori: Дунюшкин И. И. Иван Игнатьевич
Riassunto:В учебном пособии приведены задачи по определению физико-химических свойств нефти, газа, воды и их смесей, расчету фазовых состояний углеводородных систем, гидравлическому расчету трубопроводов для транспортирования однофазных и многофазных жидкостей, расчету теплообменников и пропускной способности отстойной аппаратуры, определению потерь легких фракций нефти при ее хранении в резервуарах и затрат энергии на разрушение эмульсий. Первое, издание выпущено в 1985 году издательством «Недра». Учебное пособие рассчитано на студентов нефтяных вузов и факультетов.
Lingua:russo
Pubblicazione: Москва, Альянс, 2014
Edizione:3-е изд., стер.
Soggetti:
Natura: MixedMaterials Libro
KOHA link:https://koha.lib.tpu.ru/cgi-bin/koha/opac-detail.pl?biblionumber=263856

MARC

LEADER 00000nam0a2200000 4500
001 263856
005 20231101233758.0
010 |a 9785903034062 
035 |a (RuTPU)RU\TPU\book\286847 
035 |a RU\TPU\book\112454 
090 |a 263856 
100 |a 20061031d2014 m y0rusy50 ca 
101 0 |a rus 
102 |a RU 
105 |a a j 001zy 
200 1 |a Сборник задач по сбору и подготовке нефти, газа и воды на промыслах  |e учебное пособие для вузов  |f Г. С. Лутошкин, И. И. Дунюшкин 
205 |a 3-е изд., стер. 
210 |a Москва  |c Альянс  |d 2014 
215 |a 134 с. 
320 |a Библиогр.: с. 125. 
330 |a В учебном пособии приведены задачи по определению физико-химических свойств нефти, газа, воды и их смесей, расчету фазовых состояний углеводородных систем, гидравлическому расчету трубопроводов для транспортирования однофазных и многофазных жидкостей, расчету теплообменников и пропускной способности отстойной аппаратуры, определению потерь легких фракций нефти при ее хранении в резервуарах и затрат энергии на разрушение эмульсий. Первое, издание выпущено в 1985 году издательством «Недра». Учебное пособие рассчитано на студентов нефтяных вузов и факультетов. 
451 1 |0 (RuTPU)RU\TPU\book\35652  |t Сборник задач по сбору и подготовке нефти, газа и воды на промыслах  |o учебное пособие  |c М.  |n Недра  |d 1985  |p 135 с.  |a Лутошкин, Георгий Сергеевич 
606 1 |a Нефть  |x Сбор и хранение  |x Подготовка к переработке  |x Автоматизация  |2 stltpush  |3 (RuTPU)RU\TPU\subj\45887  |9 65077 
606 1 |a Трубопроводный транспорт нефти и газа  |x Горное дело  |2 stltpush  |3 (RuTPU)RU\TPU\subj\61734  |9 78897 
610 1 |a нефтегазопромысловое производство 
610 1 |a газ 
610 1 |a вода 
610 1 |a смеси 
610 1 |a физико-химические свойства 
610 1 |a разгазирование 
610 1 |a расчеты 
610 1 |a углеродные системы 
610 1 |a фазовые состояния 
610 1 |a трубопроводы 
610 1 |a гидравлические расчеты 
610 1 |a теплообменники 
610 1 |a фазы 
610 1 |a гравитационное разделение 
610 1 |a задачи 
610 1 |a решения 
610 1 |a учебные пособия 
675 |a 622.276.8(076)  |v 3 
675 |a 622.69(076)  |v 3 
700 1 |a Лутошкин  |b Г. С.  |g Георгий Сергеевич 
701 1 |a Дунюшкин  |b И. И.  |g Иван Игнатьевич 
801 1 |a RU  |b 63413507  |c 20140611 
801 2 |a RU  |b 63413507  |c 20151021  |g RCR 
900 |a Сбор и подготовка нефти и газа 
900 |a Сбор и подготовка продукции нефтяных и газовых скважин 
900 |a Сбор и подготовка скважинной продукции 
900 |a Технология промысловой подготовки нефти и газа 
900 |a Моделирование сложных многокомпонентных химических процессов 
900 |a Технология и математическое моделирование многокомпонентных массобменных и химических процессов 
900 |a Промыслово-технологические модели процессов нефтегазодобычи 
942 |c BK 
952 |l 8 
959 |a 105/20140611  |d 10  |e 0  |f ЧЗТЛ:1  |f АНЛ:1  |f УФ:8 
959 |a 121/20150924  |d 10  |e 375,00  |f ЧЗТЛ:1  |f УФ:9